La posada maldita = Jamaica Inn /

Gorde:
Xehetasun bibliografikoak
Egile nagusia: Du Maurier, Daphne (autor)
Formatua: Liburua
Hizkuntza:gaztelania
Argitaratua: Buenos Aires, Argentina : Acme Agency, 1945, c1945
Gaiak:
Etiketak: Etiketa erantsi
Etiketarik gabe, Izan zaitez lehena erregistro honi etiketa jartzen!

MARC

LEADER 00000nam^a2200000^a^4500
001 000318105
005 20250521000000.0
009 20260310113402.348
025 |a Donación Jorge Dávalos, 1 ejemplar 
037 |a Acervo Xavier Clavigero 
041 |a ESP 
082 |a 823.  |b DUM 
100 |a Du Maurier, Daphne  |e (autor) 
240 1 1 |a [Jamaica Inn] 
245 1 3 |a La posada maldita =  |b Jamaica Inn /  |c D. du Maurier ; tr. por Manuel Barberá. 
264 4 |a Buenos Aires, Argentina :  |b Acme Agency,  |c 1945, c1945 
300 |a 302 p. 
336 |a texto  |b txt  |2 rdacontenido 
337 |a sin mediación  |b n  |2 rdamedio 
338 |a volumen  |b nc  |2 rdasoporte 
500 |a Traducción de: Jamaica Inn 
545 0 |a Daphne du Maurier (Gran Bretaña, 1907-1989) es autora de una narrativa que se mueve en dos grandes lineas, por una parte la novela rosa y, por la otra, el relato de misterio. En términos de reconocimiento público, alcanzó gran notoriedad en ambos casos, pues varias de sus obras fueron llevadas al cine; en el primer caso Posada Jamaica (1936) y Rebeca (1938), filmadas por Hitchcock (1939 y 1940, respectivamente); en la línea de la narrativa negra, el mismo Hitchcock dirigió en 1963 Los pájaros (1952). Otros títulos de Daphne du Maurier son La cala del francés (1941), Mi prima Raquel (1951), Ahora no mires (1971) y La cita (1980). Escribió también teatro, ensayo histórico y una biografía de su padre. 
649 |a XX 
650 |a Novela Inglesa 
650 |a Novela de Aventuras -  |z Inglaterra 
650 |a Literatura Inglesa -  |y Siglo XX 
650 |a Literatura de Mujeres -  |z Inglaterra 
910 |a Fondo General 
920 |a Impresos - Libros 
930 |a Colección General 
940 |a Literatura 
905 |a 101 
901 |a 0500205162  |b IT1  |c LIT  |i D  |u 20250521 
902 |a https://opac.biblio.iteso.mx/vufind/Record/000318105